| 000 | 00446nam a2200157Ia 4500 | ||
|---|---|---|---|
| 008 | 240729s9999 xx 000 0 und d | ||
| 022 | _a2325-1026 | ||
| 245 | 0 | _aElementa: Science of the Anthropocene | |
| 260 | _aUnited States | ||
| 260 | _bBioOne | ||
| 650 | _a Environmental sciences | ||
| 650 | _aGeography. Anthropology. Recreation | ||
| 856 | _uhttps://doaj.org/toc/c7371e51d0c94ebab9f8a5a8872ee70e | ||
| 942 | _2ddc | ||
| 942 | _cDOAJEJ | ||
| 999 |
_c73764 _d73764 |
||
| 945 |
_a1 _bMadushi Gamage _c1 _dMadushi Gamage |
||